Sports Quiz

Random Sports Quiz
Score 0/12 Timer 03:00
0 Plays Today
Hint Answer % Correct
De Gea MNUDavid
96.1%
Clichy MNCGael
88.2%
Cavani PSGEdison
84.3%
Bony SWAWilfried
82.4%
Draxler SHAJulian
80.4%
Carvajal RMADani
66.7%
Bartra BARMarc
64.7%
Cisse NEWPapiss
64.7%
Gayle CRYDwight
60.8%
Cuadrado FIOJuan
58.8%
Lacazette LYNAlexandre
52.9%
Akinfenwa WIMAdebayo
47.1%
Remove Ads.
Support Sporcle.
Get the best of Sporcle when you Go Orange. This ad-free experience offers more features, more stats, and more fun while also helping to support Sporcle. Thank you for becoming a member.

You're not logged in!

Compare scores with friends on all Sporcle quizzes.
OR
Log In

Show Comments

Extras

Created Jan 11, 2015ReportNominate
Tags:Footballer

Top Quizzes Today


Score Distribution

Your Account Isn't Verified!

In order to create a playlist on Sporcle, you need to verify the email address you used during registration. Go to your Sporcle Settings to finish the process.

Report this User

Report this user for behavior that violates our Community Guidelines.

Details: